000 00880nam a2200253Ia 4500
003 OSt
005 20221005104236.0
006 a|||||r|||| 00| 0
007 ta
008 221004b |||||||| |||| 00| 0 san d
024 _a31789
037 _cTextual
040 _aCRL
_cCRL
_bsan
041 _2san
_asan
082 _aQ41x6,1, M7
100 _aतिवारी, महेश, संपा.
245 0 _aअभिधम्मावतारो आचार्य बुद्धदत्त प्रणीतो
246 _aAbhidhammāvatāro āchārya buddhadatta praṇīto
260 _aदिल्ली
_bपालि परिवेण भारत
_c1987
300 _a320पृ.
_ccm.
650 _aधर्म
942 _hQ41x6,1, M7
_cTEXL
_2cc
999 _c1012120
_d1012120